000 00399nam a2200181Ia 4500
001 4706
005 20260306145815.0
008 260306t2003||||xx |||||||||||||| ||spa||
041 _aESP
082 _a330.01
_bC33
100 _aCastro, Juan Francisco
_eAUT
245 0 _aEconometría aplicada
260 _c2003
300 _a
_c
650 _aGEN
654 _aCAN
942 _cLIB
_dJUS
_fJUS
_2ddc
_n
999 _c4706
_d4706